[Event "GER-ch U12"]
[Site "Willingen"]
[Date "2009.06.01"]
[Round "4"]
[White "Knopf, Felix"]
[Black "Ismail, Nabil"]
[Result "1/2-1/2"]
[WhiteElo "1741"]
[BlackElo "1400"]
[PlyCount "98"]
[EventDate "2009.05.30"]
[EventType "swiss"]
[EventRounds "11"]
[EventCountry "GER"]
[SourceTitle "EXT 2010"]
[Source "ChessBase"]
[SourceDate "2010.11.25"]
[SourceVersion "1"]
[SourceVersionDate "2010.11.25"]
[SourceQuality "1"]

1. d4 d5 2. c4 c6 3. Nc3 Nf6 4. Nf3 e6 5. cxd5 cxd5 6. Bg5 Nbd7 7. e3 Bb4 8. Rc1 Qa5 9. Qb3 Ne4 10. Bd3 Ndf6 11. 0-0 0-0 12. Bf4 Bxc3 13. bxc3 Qd8 14. c4 b6 15. cxd5 exd5 16. Bb5 Bg4 17. Qb4 a5 18. Qb2 Bxf3 19. gxf3 Nd6 20. a4 Kh8 21. Rc6 Nf5 22. Be2 Nh5 23. Bg3 Nh4 24. f4 Qd7 25. Rxb6 Qh3 26. Bxh4 Qxh4 27. Bxh5 Qxh5 28. f3 Rg8 29. Kh1 g5 30. fxg5 Qxg5 31. Rb3 Rae8 32. Qf2 h5 33. Rg1 Qf5 34. Rxg8+ Rxg8 35. Rb2 Qd7 36. Ra2 Qc6 37. Ra1 Qc3 38. Qe1 Qc2 39. Qf1 Qb2 40. Re1 Qa2 41. Qh3 Rg6 42. Qxh5+ Kg8 43. Rg1 Rxg1+ 44. Kxg1 Qxa4 45. Qxd5 Qd1+ 46. Kf2 Qc2+ 47. Kg3 Qg6+ 48. Kf2 Qc2+ 49. Kg3 Qg6+ 1/2-1/2